Städte in Rheinland-Pfalz - Sudden Death - Statistiken

Allgemein
  • Dieses Quiz wurde 854 mal gespielt
    192 seit der letzten Aktualisierung
  • Das Durchschnittsergebnis liegt bei 7 aus 15
Answers on the Grid
Answers color-coded by a green-red scale on the quiz's grid according to % correct below.
Wiesbaden
Worms
Mainz
Koblenz
Lahnstadt
Neustadt am Rübenberge
Speyer
Landau an der Isar
Bad Kreuznach
Mayen
Bitburg
Gernsheim
Idstein-Oberstein
Pirmasens
Saarlouis
Montabaur
Diekirch
Wittlich
Mosbach
Trier
Dreibrücken
Alzey
Kirn
Büdelsdorf
Bingenheim am Rhein
Daun
Bad Ahrweiler
Obermosel
Mechernich
Grünstadt
 
Antwortstatistiken
Antwort % Korrekt
Koblenz
71%
Trier
68%
Mainz
65%
Worms
62%
Speyer
59%
Pirmasens
53%
Alzey
50%
Bad Kreuznach
50%
Bitburg
50%
Mayen
40%
Montabaur
38%
Daun
32%
Wittlich
31%
Grünstadt
26%
Kirn
23%
Keine übereinstimmenden Quizze gefunden
Verteilung der Resultate
Anzahl Personen mit jedem Resultat
Perzentil nach korrekt beantworteten Fragen
Ihre Resultats-Entwicklung
Sie haben dieses Quiz seit der letzten Aktualisierung nicht gespielt